Veľký taliansko-slovenský frazeologický slovník

Bibliographic Details
Main Authors: Sehnalová, Zlata, 1941- (Author), Sehnal, Roman, 1970- (Author)
Format: Book
Language:Italian
Slovak
PhysicalDescription:778 s. 22 cm.
Published: Bratislava Kniha - Spoločník 2005
ISBN:808881443X
Edition:1. vyd.
Subjects:

MARC

LEADER 00000nam a2200000 a 4500
001 vtls008297940
003 SK-MaSNL
005 20260301020039.0
008 240314s2005 xo f d 000 0 ita
015 |a SNBA2006/05-02493 
020 |a 808881443X  |q (viaz.) 
035 |a urn:nbn:sk:snk-am00949t 
035 |a urn:nbn:sk:snk-am3hbba 
035 |a D39D0CD6-E3F7-43C2-9D61-9F40EF264089 
040 |a SNK  |b slo  |c SNK  |e AACR2 
041 0 |a ita  |a slo 
044 |a xo  |c SK 
072 7 |a 81  |x Jazykoveda. Jazyky  |2 konspekt 
080 |a 811.162.4  |2 2001 
080 |a (038)  |2 2001 
080 |a 811.131.1  |2 2001 
100 1 |a Sehnalová, Zlata,  |d 1941-  |4 aut  |9 75889 
245 1 0 |a Veľký taliansko-slovenský frazeologický slovník  |c Zlata Sehnalová, Roman Sehnal 
250 |a 1. vyd. 
260 |a Bratislava  |b Kniha - Spoločník  |c 2005 
300 |a 778 s.  |c 22 cm. 
650 0 7 |a taliančina  |2 SNKPH  |9 1518 
650 0 7 |a slovenčina  |2 SNKPH  |9 1350 
655 7 |a dvojjazyčné prekladové slovníky  |2 SNKPH  |9 70744 
655 7 |a frazeologické slovníky  |2 SNKPH  |9 277220 
700 1 |a Sehnal, Roman,  |d 1970-  |4 aut  |9 102209 
919 |a 80-88814-43-X 
999 |c 562111  |d 564041 
952 |a SNK  |b SNK  |y PREZ  |7 0  |p 17A0501026  |o snkSC 122941  |i snk2006/5177  |8 0  |0 0  |1 0  |4 0  |d 2006-03-09  |f 1  |l 0  |r 2025-06-04 00:00:00  |w 2026-02-23 
952 |a SNK  |b SNK  |y VYP  |7 0  |p 17A0501027  |o snkSC 122941 D1  |i snk2006/5178  |8 0  |0 0  |1 0  |4 0  |d 2006-03-09  |l 0  |r 2026-02-23 13:46:15  |w 2026-02-23